Analysis Conciliorum generalium, et particularium, ... e Gallico in Latinum idioma transtulit ... Joannes Antonius Dalmasus ... Tomus 4.

Hlavní autor: Richard, Charles Luis, 1711-1794
Další autoři: Dalmasus, Johannes Antonius, činný 18. století
Jazyk: Latina
Vydáno: Augustae Vind. : sumpt. Matthaei Rieger, 1778
Témata:
Fyzický popis: XVI, 1085 s.; 8°
Knihy
Uloženo v:
LEADER 00926nam a22002777a 4500
001 mzk03001215982
003 CZ BrMZK
005 20150909115818.0
007 ta
008 150531s1778 gw fr|||||00| ||latod
040 |a BOA001  |b cze  |c BOA001 
072 7 |a 094  |x Staré tisky  |2 Konspekt  |9 12 
080 |a (0.068)094  |2 MRF 
100 1 |a Richard, Charles Luis,  |d 1711-1794  |4 aut 
245 1 0 |a Analysis Conciliorum generalium, et particularium, ... e Gallico in Latinum idioma transtulit ... Joannes Antonius Dalmasus ...  |n Tomus 4. 
260 |a Augustae Vind. :  |b sumpt. Matthaei Rieger,  |c 1778 
300 |a XVI, 1085 s.;  |c 8° 
655 7 |a staré tisky  |7 fd422076  |2 czenas 
700 1 |a Dalmasus, Johannes Antonius,  |d činný 18. století  |7 xx0094089  |4 trl 
903 |a RP 
910 |a BOE452  |b Mn 
978 |b Rieger, Matthäus  |a Augsburg  |c 1778 
984 |a Augsburg  |b Německo 
985 |a 1751-1800 
990 |a BK 
991 |k minorite